Xung kích Tiểu thuyết
Сохранить в:
| Главный автор: | |
|---|---|
| Формат: | |
| Язык: | Undetermined |
| Опубликовано: |
Hà Nội
Văn học
1978
|
| Предметы: | |
| Метки: |
Добавить метку
Нет меток, Требуется 1-ая метка записи!
|
| Thư viện lưu trữ: | Trung tâm Học liệu Trường Đại học Cần Thơ |
|---|
| LEADER | 00537nam a2200181Ia 4500 | ||
|---|---|---|---|
| 001 | CTU_32372 | ||
| 008 | 210402s9999 xx 000 0 und d | ||
| 082 | |a 895.922333 | ||
| 082 | |b Th300x | ||
| 100 | |a Nguyễn Đình Thi | ||
| 245 | 0 | |a Xung kích | |
| 245 | 0 | |b Tiểu thuyết | |
| 245 | 0 | |c Nguyễn Đình Thi | |
| 260 | |a Hà Nội | ||
| 260 | |b Văn học | ||
| 260 | |c 1978 | ||
| 650 | |a vietnamese fiction - 1945 - 1954,vietnamese fiction - 20th century | ||
| 980 | |a Trung tâm Học liệu Trường Đại học Cần Thơ | ||